<?xml version="1.0" encoding="UTF-8"?>
<record
    xmlns:xsi="http://www.w3.org/2001/XMLSchema-instance"
    xsi:schemaLocation="http://www.loc.gov/MARC21/slim http://www.loc.gov/standards/marcxml/schema/MARC21slim.xsd"
    xmlns="http://www.loc.gov/MARC21/slim">

  <leader>02161nam a2200325 a 4500</leader>
  <controlfield tag="001">000009298</controlfield>
  <controlfield tag="003">OSt</controlfield>
  <controlfield tag="005">20240412074210.0</controlfield>
  <controlfield tag="007">ta</controlfield>
  <controlfield tag="008">090929s1999    dr a    r     000 p spa d</controlfield>
  <datafield tag="020" ind1=" " ind2=" ">
    <subfield code="a">8484002985</subfield>
  </datafield>
  <datafield tag="040" ind1=" " ind2=" ">
    <subfield code="a">DO-SdBNP</subfield>
    <subfield code="b">spa</subfield>
    <subfield code="c">DO-SdBNP</subfield>
  </datafield>
  <datafield tag="082" ind1=" " ind2="4">
    <subfield code="a">RD861.44</subfield>
    <subfield code="b">M671zHay,1999</subfield>
    <subfield code="2">22</subfield>
  </datafield>
  <datafield tag="100" ind1="1" ind2=" ">
    <subfield code="a">Mir, Pedro,</subfield>
    <subfield code="d">1913-2000</subfield>
    <subfield code="9">7245</subfield>
  </datafield>
  <datafield tag="245" ind1="1" ind2="0">
    <subfield code="a">Hay un pa&#xED;s en el mundo y otros poemas /</subfield>
    <subfield code="c">Pedro Mir.</subfield>
  </datafield>
  <datafield tag="250" ind1=" " ind2=" ">
    <subfield code="a">Ed. ampliada.</subfield>
  </datafield>
  <datafield tag="260" ind1=" " ind2=" ">
    <subfield code="a">Santo Domingo :</subfield>
    <subfield code="b">Taller,</subfield>
    <subfield code="c">1999.</subfield>
  </datafield>
  <datafield tag="300" ind1=" " ind2=" ">
    <subfield code="a">238 p. :</subfield>
    <subfield code="b">il. ;</subfield>
    <subfield code="c">21 cm.</subfield>
  </datafield>
  <datafield tag="490" ind1="1" ind2=" ">
    <subfield code="a">Biblioteca taller</subfield>
    <subfield code="v">81</subfield>
  </datafield>
  <datafield tag="504" ind1=" " ind2=" ">
    <subfield code="a">Incluye referencias bibliogr&#xE1;ficas y notas al pie de las p&#xE1;ginas.</subfield>
  </datafield>
  <datafield tag="505" ind1="0" ind2=" ">
    <subfield code="t">Hay un poeta en el mundo llamado Pedro Mir /</subfield>
    <subfield code="r">Luis Beiro --</subfield>
    <subfield code="t">De sus primeros versos --</subfield>
    <subfield code="t">A la carta que no ha de venir --</subfield>
    <subfield code="t">Catorce versos --</subfield>
    <subfield code="t">Abulia --</subfield>
    <subfield code="t">Bolero-son --</subfield>
    <subfield code="t">Poema del llano trig&#xFC;e&#xF1;o --</subfield>
    <subfield code="t">Alegr&#xED;a de la mana&#xF1;a blanca --</subfield>
    <subfield code="t">Protesta del cari&#xF1;o y de la espera --</subfield>
    <subfield code="t">Grito para enterrar un maestro --</subfield>
    <subfield code="t">Por el recuerdo de Urania Silva --</subfield>
    <subfield code="t">Romance de los nueve meses --</subfield>
    <subfield code="t">Canci&#xF3;n de ayer tarde --</subfield>
    <subfield code="t">Hallazgo --</subfield>
    <subfield code="t">Material de mi aldea --</subfield>
    <subfield code="t">Terru&#xF1;o --</subfield>
    <subfield code="t">Romance del llanto lejano --</subfield>
    <subfield code="t">Las fuentes --</subfield>
    <subfield code="t">F&#xE1;bula del silencio y Galatea --</subfield>
    <subfield code="t">Pl&#xE1;tica del pozo --</subfield>
    <subfield code="t">La vida manda que pueble estos caminos --</subfield>
    <subfield code="t">Evocaci&#xF3;n del ruido --</subfield>
    <subfield code="t">Presencia del olvido --</subfield>
    <subfield code="t">Romance del sol de doce --</subfield>
    <subfield code="t">Hay un pa&#xED;s en el mundo --</subfield>
    <subfield code="t">Si alguien quiere saber cu&#xE1;l es mi patria --</subfield>
    <subfield code="t">Domin&#xED; --</subfield>
    <subfield code="t">Contracanto a Walt Whitman --</subfield>
    <subfield code="t">Eleg&#xED;a del 14 de junio --</subfield>
    <subfield code="t">Balada del exiliado --</subfield>
    <subfield code="t">Al portaviones ''intr&#xE9;pido"--</subfield>
    <subfield code="t">Ni un paso atr&#xE1;s --</subfield>
    <subfield code="t">Meditaci&#xF3;n a orillas de la tarde --</subfield>
    <subfield code="t">Am&#xE9;n de mariposas --</subfield>
    <subfield code="t">Concierto de esperanza para la mano izquierda --</subfield>
    <subfield code="t">Introducci&#xF3;n --</subfield>
    <subfield code="t">A capriccio --</subfield>
    <subfield code="t">Andante --</subfield>
    <subfield code="t">Solo de esperanza --</subfield>
    <subfield code="t">Grave --</subfield>
    <subfield code="t">Cadencia --</subfield>
    <subfield code="t">El hurac&#xE1;n Neruda --</subfield>
    <subfield code="t">A Julia sin l&#xE1;grimas.</subfield>
  </datafield>
  <datafield tag="590" ind1=" " ind2=" ">
    <subfield code="a">Inventariado, 2018/BT</subfield>
  </datafield>
  <datafield tag="600" ind1=" " ind2="0">
    <subfield code="a">MIR, PEDRO,</subfield>
    <subfield code="d">1913-2000</subfield>
    <subfield code="x">CR&#xCD;TICA E INTERPRETACI&#xD3;N</subfield>
    <subfield code="9">19950</subfield>
  </datafield>
  <datafield tag="650" ind1=" " ind2="0">
    <subfield code="a">Poes&#xED;a dominicana</subfield>
    <subfield code="9">66</subfield>
  </datafield>
  <datafield tag="650" ind1=" " ind2="0">
    <subfield code="a">Literatura dominicana.</subfield>
    <subfield code="9">67</subfield>
  </datafield>
  <datafield tag="830" ind1=" " ind2="0">
    <subfield code="a">Biblioteca taller</subfield>
    <subfield code="n">81</subfield>
    <subfield code="9">24027</subfield>
  </datafield>
  <datafield tag="910" ind1=" " ind2=" ">
    <subfield code="a">Validado. Control de calidad. MMOLINA</subfield>
  </datafield>
  <datafield tag="942" ind1=" " ind2=" ">
    <subfield code="2">ddc</subfield>
    <subfield code="c">LBS1</subfield>
  </datafield>
  <datafield tag="952" ind1=" " ind2=" ">
    <subfield code="0">0</subfield>
    <subfield code="1">0</subfield>
    <subfield code="2">ddc</subfield>
    <subfield code="7">1</subfield>
    <subfield code="8">PD</subfield>
    <subfield code="a">BNPHU</subfield>
    <subfield code="b">PD</subfield>
    <subfield code="c">HD</subfield>
    <subfield code="d">2009-09-29</subfield>
    <subfield code="i"> </subfield>
    <subfield code="l">0</subfield>
    <subfield code="o">BNPHU PD RD861.44 M671zHay 1999</subfield>
    <subfield code="p">9298-10</subfield>
    <subfield code="r">2020-06-25</subfield>
    <subfield code="w">2020-06-25</subfield>
    <subfield code="y">LFPD</subfield>
  </datafield>
  <datafield tag="952" ind1=" " ind2=" ">
    <subfield code="0">0</subfield>
    <subfield code="1">1</subfield>
    <subfield code="2">ddc</subfield>
    <subfield code="7">1</subfield>
    <subfield code="8">PD</subfield>
    <subfield code="a">BNPHU</subfield>
    <subfield code="b">PD</subfield>
    <subfield code="d">2009-10-09</subfield>
    <subfield code="i">LF1</subfield>
    <subfield code="l">0</subfield>
    <subfield code="o">BNPHU PD RD861.44 M671zHay 1999</subfield>
    <subfield code="p">9298-20</subfield>
    <subfield code="r">2020-06-25</subfield>
    <subfield code="t">e. 2</subfield>
    <subfield code="w">2020-06-25</subfield>
    <subfield code="y">LFPD</subfield>
  </datafield>
  <datafield tag="952" ind1=" " ind2=" ">
    <subfield code="0">0</subfield>
    <subfield code="1">0</subfield>
    <subfield code="2">ddc</subfield>
    <subfield code="5">6</subfield>
    <subfield code="7">0</subfield>
    <subfield code="8">DS</subfield>
    <subfield code="a">BNPHU</subfield>
    <subfield code="b">GR</subfield>
    <subfield code="d">2009-10-09</subfield>
    <subfield code="e">Francisco C&#xE1;ceres</subfield>
    <subfield code="i"> </subfield>
    <subfield code="l">0</subfield>
    <subfield code="o">BNPHU DS RD861.44 M671zHay 1999</subfield>
    <subfield code="p">2021-1695</subfield>
    <subfield code="r">2020-10-19</subfield>
    <subfield code="t">e. 3</subfield>
    <subfield code="w">2020-06-25</subfield>
    <subfield code="y">LFDS</subfield>
  </datafield>
  <datafield tag="956" ind1=" " ind2=" ">
    <subfield code="a">VMateo</subfield>
  </datafield>
  <datafield tag="999" ind1=" " ind2=" ">
    <subfield code="c">9059</subfield>
    <subfield code="d">9059</subfield>
  </datafield>
</record>
